Kết cấu bê tông cốt thép : Phần kết cấu nhà cửa (Giáo trình dùng cho sinh viên ngành xây dựng)
Nội dung sách gồm các phần chính sau: Nguyên lý thiết kế kết cấu bêtông cốt thép; Kết cấu mái bêtông cốt thép; Kết cấu khung bêtông cốt thép; Kết cấu nhà một tầng lắp ghép; Kết cấu móng bêtông cốt thép; Kết cấu nhà nhiều tầng....
সংরক্ষণ করুন:
| প্রধান লেখক: | |
|---|---|
| বিন্যাস: | গ্রন্থ |
| ভাষা: | Undetermined |
| প্রকাশিত: |
Hà Nội
Khoa học và Kỹ thuật
2008
|
| বিষয়গুলি: | |
| ট্যাগগুলো: |
ট্যাগ যুক্ত করুন
কোনো ট্যাগ নেই, প্রথমজন হিসাবে ট্যাগ করুন!
|
| Thư viện lưu trữ: | Trung tâm Học liệu Trường Đại học Cần Thơ |
|---|
| LEADER | 01115nam a2200217Ia 4500 | ||
|---|---|---|---|
| 001 | CTU_140630 | ||
| 008 | 210402s9999 xx 000 0 und d | ||
| 020 | |c 57000 | ||
| 082 | |a 624.1834 | ||
| 082 | |b Ph431/T.2 | ||
| 100 | |a Ngô, Thế Phong | ||
| 245 | 0 | |a Kết cấu bê tông cốt thép : | |
| 245 | 0 | |b Phần kết cấu nhà cửa (Giáo trình dùng cho sinh viên ngành xây dựng) | |
| 245 | 0 | |c Ngô Thế Phong chủ biên | |
| 260 | |a Hà Nội | ||
| 260 | |b Khoa học và Kỹ thuật | ||
| 260 | |c 2008 | ||
| 520 | |a Nội dung sách gồm các phần chính sau: Nguyên lý thiết kế kết cấu bêtông cốt thép; Kết cấu mái bêtông cốt thép; Kết cấu khung bêtông cốt thép; Kết cấu nhà một tầng lắp ghép; Kết cấu móng bêtông cốt thép; Kết cấu nhà nhiều tầng. | ||
| 650 | |a Reinforced concrete construction,Bêtông cốt thép | ||
| 904 | |i Duy Bằng | ||
| 980 | |a Trung tâm Học liệu Trường Đại học Cần Thơ | ||